Datum a čas kvízu
33.5
Celkem bodů
Celkový počet nahraných bodů na tomto kvízu bez doplňovacích otázek.
4.
Pořadí na kvízu
Konečné umístění týmu na tomto kvízu.
Zaznamenané odpovědi
# | Otázka | Odpověď | Body | Výsledky |
---|---|---|---|---|
1. | V Praze byl minulý týden na ve... | z paluby Titaniku | 0 | |
2. | Římská radnice minulý týden oz... | fontána di Trevi | 1 | |
3. | Která zpěvačka oznámila svým f... | Adele | 0 | |
4. | Minulý týden byla ve Veverskýc... | pomocí SMS | 0 | |
5. | Uveďte jména vítězů mužské a ž... | Jannik Sinner, Aryna Sabalenka | 0 | |
6. | Ruské město Nižnij Novgorod ne... | Gorkij | 1 | |
7. | Pod kterým, dnes už spíše zast... | Habeš | 1 | |
8. | Napište bývalý název Bratislav... | Prešpurk/Prešporok/Prešporek; 1919 (1914–1924) | 0.5 | |
9. | Roku 1868 se město Edo přejmen... | Tokio | 1 | |
10. | Zhruba rok po vyhlazení českýc... | o Panamu | 0 |